All 10k+ cities in Idaho on a Map - Statistics

General Stats
  • This quiz has been taken 183 times
  • The average score is 14 of 23
Answers on the Map
Answers color-coded by a green-red scale on the quiz's map according to % correct below.
 
Answer Stats
City Population % Correct
Boise 235,684
99%
Idaho Falls 64,818
92%
Coeur d'Alene 54,628
91%
Meridian 117,635
89%
Nampa 100,200
89%
Pocatello 56,320
86%
Twin Falls 51,807
83%
Moscow 25,435
79%
Lewiston 34,203
69%
Caldwell 59,996
66%
Rexburg 39,409
64%
Post Falls 38,485
60%
Eagle 30,346
59%
Mountain Home 15,979
53%
Kuna 24,011
44%
Star 11,117
38%
Jerome 12,349
35%
Blackfoot 12,346
34%
Hayden 15,570
32%
Burley 11,704
29%
Chubbuck 15,570
25%
Garden City 12,316
25%
Ammon 17,694
24%
No matching quizzes found
Score Distribution
Percent of People with Each Score
Percentile by Number Answered
Your Score History
You have not taken this quiz